000 00473cam a22001337a 4500
008 180718b1966 xxu||||| |||| 00| 0 eng d
082 _aT3942x54 In2/ASPI/1965
100 _aTariff Commission
245 _aReport on the continuance of protection to the Automobile Sparking Plug Industry, Bombay, 1965
_cby Tariff Commission, India
260 _aDelhi
_bThe Manager of Publications
_c1966
300 _a36+p.
500 _aChairman: M.P. Pai
700 _aPai, M.P. (Chairman)
999 _c489788
_d489788